000 00299nam a22001337a 4500
020 _a817826468-4
082 _a823
_bGRI/G
100 _aBROTHERS GRIMM
245 _aTHE GOOSE GIRL
260 _aDELHI
_bROHAN BOOK COMPANY
_c2003
300 _a220
650 _aMODERN ILLUSTRATED CLASSICS
942 _cBK
999 _c364
_d364